000 00950nam a2200277 i 4500
003 EG-GICUC
005 20260121101223.0
008 251115s2000 ua ||||fr|||| 00| 0 ara d
040 _a EG-GICUC
_bara
_c EG-GICUC
_d EG-GICUC
_erda
041 0 _aara
082 0 4 _221
_a345
_bأ ن . و
092 0 4 _221
099 _aLaw1 07 345 أ ن . و 2000
100 0 _aأنور احمد رسلان
_eمؤلف.
245 1 0 _aوسيط القانون الإداري /
_cأنور احمد رسلان.
264 1 _a[مكان النشر غير محدد] :
_b[الناشر غير محدد]،
_c2000.
300 _a663 ؛ صفحة
_c24 سم
336 _2rda content
_atext
337 _2rda media
_aComputer
338 _2rda carrier
_aOnline Resource
546 _aالنص باللغة العربية
650 1 4 _aالقانون الإداري
856 4 0 _uhttps://fll.law.cu.edu.eg/fulltext/bks/B07-00384.pdf
905 _a30
942 _2ddc
_cBK
_e21
_n0
999 _c43330
_d43330